| 000 | 00560nam a2200181Ia 4500 | ||
|---|---|---|---|
| 005 | 20250923145831.0 | ||
| 008 | 008 250917s9999 xx 000 0 eng d | ||
| 037 | _aTextual | ||
| 040 |
_aDSWL _beng _cDSWL |
||
| 041 |
_aeng _2eng |
||
| 084 |
_aY31:7:7, N90 _qDSWL |
||
| 100 |
_aChanni, Sonia _9839403 |
||
| 245 | 0 |
_aContribution of voluntary organizations in the field of rural development _c by Sonia Channi |
|
| 260 |
_aDelhi _bDeptt. of social work _c1990 |
||
| 300 | _a417p. | ||
| 942 |
_cTEXL _hY31:7:7, N90 |
||
| 999 |
_c1456273 _d1456273 |
||